Spomíname na neuveriteľné a neuverejnené

Bibliographic Details
Main Authors: Žuffa, Milan, 1927-2014 (Author), Rusnák, I. (Author), Horváth, A. (Author)
Format: Article
Language:Slovak
ISSN:1335-5139
Subjects:

MARC

LEADER 00000nab a2200000 a 4500
001 vtls000859594
003 SK-MaSNL
005 20260304214810.0
008 250429c2003 xo 0 slo
015 |a SNBRB2004/01-02703 
035 |a CLN000211216 
035 |a urn:nbn:sk:snk-abrmc 
035 |a (urnnbn)urn:nbn:sk:snk:ar-a04vnc 
035 |a (uuid)08facbf3-3df5-42af-879b-02b743106cd0 
040 |a SNKBUCL  |b slo  |c SNKBUCL  |e AACR2 
041 0 |a slo 
044 |a xo  |c SK 
080 |a 616-092.12:616-059  |2 1997 
100 1 |a Žuffa, Milan,  |d 1927-2014  |4 aut  |9 229626 
245 1 0 |a Spomíname na neuveriteľné a neuverejnené  |c M. Žuffa, I. Rusnák, A. Horváth 
246 1 1 |a We remember incredible and unpublished 
504 |a Res. angl., slov. 
504 |a Bibliogr. odkazy 
650 0 7 |a laparotómia  |x účinky nežiadúce  |2 MESH  |9 1055421 
650 0 7 |a cholelitiáza  |x komplikácie  |2 MESH  |9 1545392 
650 0 7 |a hepatitída  |2 MESH  |9 1581 
650 0 7 |a lekárska kazuistika  |2 MESH  |9 69399 
650 0 7 |a terapia  |2 MESH  |9 781 
650 0 7 |a tromboembolická choroba  |2 MESH  |9 120004 
650 0 7 |a črevná nepriechodnosť  |2 MESH  |9 132677 
650 0 7 |a figy  |2 MESH  |9 1548879 
655 7 |a články z novín a časopisov  |2 SNK  |9 267496 
700 1 |a Rusnák, I.  |4 aut  |9 783110 
700 1 |a Horváth, A.  |4 aut  |9 784964 
773 0 |t Medicina militaris slovaca  |g Roč. 5, č. 1 (2003), s. 67-68  |x 1335-5139 
850 |a Slovenská národná knižnica 
852 |a Slovenská národná knižnica 
954 |a odborná, vedecká literatúra pôvodná (slovenská)  |2 lita 
958 |a article27 
958 |a MI 
958 |a NB 
958 |a OND 
958 |a EUIPO 
999 |c 3143323  |d 3145253